000 00303nam a22001337a 4500
008 210322b ||||| |||| 00| 0 eng d
041 _aeng
080 _a82
082 _a82
100 _a21
101 _aGJL
245 _aThe Oxford Companion to English Literature
_cHarvey. S. P
942 _2udc
_cBK
999 _c56621
_d56621